000
00294nam a2200109Ia 4500
008
200302s9999 xx 000 0 und d
100
_a
Diamant & Other
245
_a
District Heating and Cooling for Engergy Conservation
260
_b
The Architectural Press
260
_c
1981
300
_a
464 P.,
999
_c
2065
_d
2065